000 01048nmm a2200253 a 4500
001 ocm0001221589
003 TR-IsHL
005 20201028155427.0
008 110704s1979 tu tur
007 cr cn
035 _a1221589
_b(N$T)
050 0 4 _aHD37.T9
_bG45 1979
090 0 4 _aHD37.T9
_bG45 1979
245 1 0 _aGeleceğin şirket tipleri yönetim finansman ve denetim sorunları semineri
_h[electronic resource]
260 _aİstanbul :
_bİstanbul Ticaret Odası,
_c1979
300 _a240 p.
500 _aÜlkemizin ekonomik gelişmesine paralel olarak ekonomik faaliyetlerin gerçekleştirildiği kuruluş yapılarında da önemli değişiklikler gözlenmektedir.
_x
650 4 _aİşletme ve Yönetim
650 4 _aBusiness and Management
650 0 _aCompanies
_x Turkey
_x Congresses
650 0 _aŞirketler
_x Türkiye
_x Kongreler
650 7 _aBUSINESS & ECONOMICS / Corporate & Business History
_2bisacsh
856 4 0 _uhttp://search.ebscohost.com/login.aspx?direct=true&scope=site&db=e011xww&AN=1221589
999 _c13078
_d13078